Classic monster knowledge - Statistics

General Stats
  • This quiz has been taken 12 times
    9 since last reset
  • The average score is 66 of 99
Answer Stats
Question Tile Select % Correct
Which ones are the three originals No
100%
Which ones are the three originals No
88%
Which ones are the three originals No
88%
Which ones are undead Yes
88%
Which ones are undead No
88%
Which ones are undead No
88%
Which ones are undead No
88%
Which ones are the three originals Yes
75%
Which ones are the three originals Yes
75%
Which ones are the three originals No
75%
Which ones are the three originals No
75%
Which ones are the three originals No
75%
Which ones are undead Yes
75%
Which ones are undead Yes
75%
Which ones are undead No
75%
Which ones had the most movies No
75%
Which ones had the most movies No
75%
Which ones had the most movies No
75%
Which ones came out in the 50s No
75%
Which ones came out in the 50s No
75%
Which ones came out in the 50s No
75%
Which ones came out in the 50s No
75%
Which ones are giant monsters No
75%
Which ones are giant monsters No
75%
Which ones are giant monsters No
75%
Which ones are giant monsters Yes
75%
Which ones are giant monsters Yes
75%
Which ones are giant monsters No
75%
Which ones are really hairy No
75%
Which ones are really hairy No
75%
Which ones are really hairy Yes
75%
Which ones are really hairy No
75%
Which ones are really hairy No
75%
Which ones are really hairy No
75%
Which ones are really hairy No
75%
Which ones are really hairy No
75%
Which ones have scales No
75%
Which ones have scales No
75%
Which ones have scales No
75%
Which ones have scales No
75%
Which ones have scales Yes
75%
Which ones have scales No
75%
Which ones have scales Yes
75%
Which ones have scales No
75%
Which ones have scales No
75%
Which ones are from Transylvania Yes
75%
Which ones are from Transylvania No
75%
Which ones are from Transylvania No
75%
Which ones are from Transylvania No
75%
Which ones are from Transylvania No
75%
Which ones are from Transylvania No
75%
Which ones are from Transylvania No
75%
Which ones were based on the original novel Yes
75%
Which ones were based on the original novel No
75%
Which ones were based on the original novel No
75%
Which ones were based on the original novel No
75%
Which ones were based on the original novel No
75%
Which ones are in the monster squad Yes
75%
Which ones are in the monster squad Yes
75%
Which ones are in the monster squad Yes
75%
Which one did not met each other in the movies No
75%
Which one did not met each other in the movies No
75%
Which one did not met each other in the movies No
75%
Which one did not met each other in the movies Yes
75%
Which ones had the most movies Yes
63%
Which ones had the most movies Yes
63%
Which ones came out in the 50s No
63%
Which ones are giant monsters No
63%
Which ones are giant monsters No
63%
Which ones are really hairy Yes
63%
Which ones are from Transylvania No
63%
Which ones were based on the original novel Yes
63%
Which ones were based on the original novel No
63%
Which ones were based on the original novel No
63%
Which ones were based on the original novel No
63%
Which ones are in the monster squad Yes
63%
Which ones are in the monster squad Yes
63%
Which ones are in the monster squad No
63%
Which ones are in the monster squad No
63%
Which ones are in the monster squad No
63%
Which ones are in the monster squad No
63%
Which one did not met each other in the movies No
63%
Which one did not met each other in the movies No
63%
Which ones are the three originals Yes
50%
Which ones came out in the 50s No
50%
Which ones came out in the 50s Yes
50%
Which ones are giant monsters No
50%
Which one did not met each other in the movies No
50%
Which ones came out in the 50s Yes
38%
Which ones came out in the 50s Yes
38%
Which one did not met each other in the movies No
38%
Which one did not met each other in the movies Yes
38%
Which ones are undead Yes
25%
Which ones had the most movies Yes
25%
Which ones had the most movies Yes
25%
Which ones had the most movies Yes
25%
Which ones had the most movies Yes
13%
Which ones are from Transylvania Yes
13%
Which ones are undead No
0%
No matching quizzes found
Score Distribution
Percent of People with Each Score
Percentile by Number Answered
Your Score History
You have not taken this quiz since the last reset